[Event "Lewisham International 4th"]
[Site "Catford Cricket Club"]
[Date "1984.09.??"]
[Round "6"]
[White "Davies, Nigel Rodney"]
[Black "Pein, Malcolm"]
[Result "1/2-1/2"]
[WhiteElo "2340"]
[BlackElo "2280"]
[PlyCount "127"]
[EventDate "1984.09.04"]
[EventType "swiss"]
[EventRounds "9"]
[EventCountry "ENG"]
[SourceTitle "Giddins, Steve"]

1. Nf3 g6 2. d4 Bg7 3. e4 d6 4. c3 Nf6 5. Bd3 Nc6 6. O-O O-O 7. Re1 Re8 8. b4
a6 9. a4 e5 10. d5 Ne7 11. c4 Nh5 12. Nc3 Nf4 13. Bf1 f5 14. Ra3 fxe4 15. Nxe4
Rf8 16. c5 Kh8 17. cxd6 cxd6 18. Nfg5 h6 19. Bxf4 Rxf4 20. g3 Rf8 21. Ne6 Bxe6
22. dxe6 d5 23. Nc5 Qd6 24. Bh3 Nf5 25. Rd3 d4 26. Bg2 Ra7 27. a5 Re8 28. Qg4
Kh7 29. Be4 b6 30. axb6 Qxb6 31. Bxf5 gxf5 32. Qxf5+ Kh8 33. Rxe5 Qxb4 34. Qg6
Rae7 35. Rh5 Qe1+ 36. Kg2 Rf8 37. Ne4 Qe2 38. Rxh6+ Bxh6 39. Qxh6+ Kg8 40. Nf6+
Rxf6 41. Qxf6 Qxd3 42. Qxe7 Qe4+ 43. Kh3 Qf5+ 44. Kg2 Qe4+ 45. f3 Qc2+ 46. Kh3
Qf5+ 47. Kh4 Qxf3 48. Qg5+ Kf8 49. Qd8+ Kg7 50. Qe7+ Kg8 51. Qd7 Qf5 52. g4
Qf6+ 53. g5 Qf4+ 54. Kh5 Qxh2+ 55. Kg6 Qc2+ 56. Kf6 Qf2+ 57. Ke5 Qg3+ 58. Kxd4
Qxg5 59. Qf7+ Kh8 60. e7 Qd2+ 61. Kc5 Qc3+ 62. Kb6 Qb4+ 63. Kxa6 Qb6+ 64. Kxb6
1/2-1/2

[Event "Lewisham International 4th"]
[Site "Catford Cricket Club"]
[Date "1984.09.??"]
[Round "6"]
[White "De Boer, Gert Jan"]
[Black "Savage, Allan George"]
[Result "1-0"]
[WhiteElo "2335"]
[BlackElo "2315"]
[PlyCount "82"]
[EventDate "1984.09.04"]
[EventType "swiss"]
[EventRounds "9"]
[EventCountry "ENG"]
[SourceTitle "Giddins, Steve"]

1. c4 Nf6 2. d4 g6 3. Nc3 Bg7 4. e4 d6 5. Be2 O-O 6. Nf3 e5 7. d5 a5 8. Bg5 h6
9. Bh4 Na6 10. Nd2 Qe8 11. O-O Nh7 12. f3 h5 13. a3 Bd7 14. b3 Bh6 15. Bf2 Qe7
16. Qc2 h4 17. Kh1 Qg5 18. Rfd1 f5 19. h3 Nf6 20. Rab1 Nh5 21. b4 axb4 22. axb4
Ng3+ 23. Kg1 Qe7 24. Bd3 b6 25. Qb2 Bxd2 26. Qxd2 f4 27. Qb2 g5 28. Ra1 g4 29.
fxg4 f3 30. c5 bxc5 31. Rxa6 Rab8 32. b5 fxg2 33. Bxg3 hxg3 34. Qxg2 Rf2 35.
Qxg3 Rbf8 36. Ra8 Rb2 37. Rxf8+ Qxf8 38. Qe3 Qf6 39. Rb1 Rb4 40. Rxb4 cxb4 41.
Nb1 Qh4 1-0

[Event "Lewisham International 4th"]
[Site "Catford Cricket Club"]
[Date "1984.09.??"]
[Round "6"]
[White "Fuller, Maxwell L"]
[Black "Arkell, Keith C"]
[Result "0-1"]
[WhiteElo "2335"]
[BlackElo "2345"]
[PlyCount "122"]
[EventDate "1984.09.04"]
[EventType "swiss"]
[EventRounds "9"]
[EventCountry "ENG"]
[SourceTitle "Giddins, Steve"]

1. b3 e5 2. Bb2 Nc6 3. e3 d5 4. Bb5 Bd6 5. f4 Qh4+ 6. g3 Qe7 7. Nf3 Bg4 8. h3
Bxf3 9. Qxf3 Nf6 10. Nc3 e4 11. Qe2 Rd8 12. Bxc6+ bxc6 13. Qa6 c5 14. Qc6+ Qd7
15. Qxd7+ Kxd7 16. Na4 Kc6 17. c4 d4 18. b4 cxb4 19. Bxd4 Nd7 20. Ke2 f6 21. a3
a5 22. Rhb1 Rb8 23. axb4 axb4 24. Nb2 Ra8 25. d3 Kb7 26. dxe4 c5 27. Nd3 cxd4
28. exd4 Rxa1 29. Rxa1 Rc8 30. Nb2 g5 31. fxg5 fxg5 32. Ra5 Re8 33. Kd3 h6 34.
g4 Rd8 35. Na4 Bg3 36. Rb5+ Kc7 37. Kc2 Rf8 38. Rf5 Rxf5 39. exf5 Nb6 40. Nxb6
Kxb6 41. c5+ Kc7 42. f6 Kd7 43. Kb3 Ke6 44. Kxb4 Bf2 45. Kc4 Kxf6 46. d5 Ke5
47. d6 Ke6 48. Kb5 Kd7 49. Kb6 Bd4 50. Kb5 Be5 51. Kc4 Kc6 52. Kd3 Kxc5 53. d7
Bf6 54. Ke4 Kd6 55. Kf5 Bd8 56. h4 Kxd7 57. h5 Kd6 58. Kg6 Ke5 59. Kxh6 Kf4 60.
Kg6 Kxg4 61. h6 Ba5 0-1

[Event "Lewisham International 4th"]
[Site "Catford Cricket Club"]
[Date "1984.09.??"]
[Round "6"]
[White "Gruenberg, Regina"]
[Black "Nicholson, John G"]
[Result "0-1"]
[WhiteElo "1870"]
[BlackElo "2295"]
[PlyCount "48"]
[EventDate "1984.09.04"]
[EventType "swiss"]
[EventRounds "9"]
[EventCountry "ENG"]
[SourceTitle "Giddins, Steve"]

1. e4 c5 2. Nf3 e6 3. c3 Nf6 4. e5 Nd5 5. d4 cxd4 6. cxd4 b6 7. Bd3 Ba6 8. O-O
Bxd3 9. Qxd3 Be7 10. Bd2 O-O 11. Nc3 Nxc3 12. Bxc3 d5 13. Ne1 Nc6 14. f4 Qd7
15. f5 exf5 16. Rxf5 f6 17. Nc2 fxe5 18. Rxf8+ Rxf8 19. dxe5 Bc5+ 20. Kh1 d4
21. Qc4+ Kh8 22. e6 Qd6 23. Rd1 Ne5 24. Qb5 Ng4 0-1

[Event "Lewisham International 4th"]
[Site "Catford Cricket Club"]
[Date "1984.09.??"]
[Round "6"]
[White "Orr, Mark JL"]
[Black "Hebden, Mark L"]
[Result "1/2-1/2"]
[WhiteElo "2275"]
[BlackElo "2480"]
[PlyCount "100"]
[EventDate "1984.09.04"]
[EventType "swiss"]
[EventRounds "9"]
[EventCountry "ENG"]
[SourceTitle "Giddins, Steve"]

1. d4 Nf6 2. Nf3 g6 3. Bf4 d6 4. h3 Bg7 5. e3 O-O 6. Be2 Nc6 7. O-O Nd7 8. Bh2
e5 9. c3 Qe7 10. a4 f5 11. Kh1 g5 12. Ng1 f4 13. Nd2 Kh8 14. dxe5 Ndxe5 15.
exf4 gxf4 16. Ndf3 Be6 17. a5 Rf6 18. Re1 Raf8 19. Nxe5 Nxe5 20. Nf3 Rh6 21.
Nxe5 Bxe5 22. f3 Rg8 23. Bf1 Rhg6 24. Qd2 Qg7 25. Qf2 a6 26. Ra4 Bd7 27. Rae4
Bb5 28. Bxf4 Bxf4 29. Rxf4 Bxf1 30. Qxf1 Rxg2 31. Rg4 Rxg4 32. hxg4 Qg5 33. Qf2
Rf8 34. Qd4+ Kg8 35. Qc4+ d5 36. Qe2 h5 37. Kg2 hxg4 38. Qe6+ Rf7 39. Qxg4 Rg7
40. Qxg5 Rxg5+ 41. Kf2 Kf7 42. b4 Rg6 43. Re3 Rc6 44. Ke2 Rc4 45. Kd3 Rf4 46.
Ke2 c6 47. Re5 Rc4 48. Kd3 Rf4 49. Ke3 Rc4 50. Kd3 Rf4 1/2-1/2

[Event "Lewisham International 4th"]
[Site "Catford Cricket Club"]
[Date "1984.09.??"]
[Round "6"]
[White "Savereide, Diane"]
[Black "Gallagher, Joseph G"]
[Result "0-1"]
[WhiteElo "2230"]
[BlackElo "2295"]
[PlyCount "116"]
[EventDate "1984.09.04"]
[EventType "swiss"]
[EventRounds "9"]
[EventCountry "ENG"]
[SourceTitle "Giddins, Steve"]

1. e4 c5 2. Nf3 d6 3. d4 cxd4 4. Nxd4 Nf6 5. Nc3 a6 6. Bc4 e6 7. Bb3 b5 8. O-O
Be7 9. f4 Bb7 10. e5 dxe5 11. fxe5 Bc5 12. Be3 Bxd4 13. Bxd4 Nc6 14. Rf4 Qc7
15. Qf1 Nxe5 16. Rxf6 gxf6 17. Qxf6 Rg8 18. Qxe5 Rxg2+ 19. Kf1 Qxe5 20. Bxe5
O-O-O 21. Rd1 Rxd1+ 22. Nxd1 Rg5 23. Bg3 Bd5 24. Bxd5 Rxd5 25. Ne3 Rc5 26. Ke2
Kd7 27. Kd3 Kc6 28. b4 Rh5 29. c4 bxc4+ 30. Kxc4 f5 31. Nc2 Kb7 32. Nd4 f4 33.
Bxf4 e5 34. Bg3 exd4 35. Kxd4 Rg5 36. a4 Rg4+ 37. Kc5 Re4 38. Bd6 h5 39. Kd5
Re2 40. Kc4 Ra2 41. Kb3 Rd2 42. Bg3 Kb6 43. Kc3 Ra2 44. Kb3 Re2 45. Kc3 Re3+
46. Kb2 Re4 47. Kb3 h4 48. Bb8 Kb7 49. Bd6 Kc6 50. Bb8 Re8 51. Bf4 Rf8 52. Bg5
Rf3+ 53. Kc4 Rf2 54. b5+ axb5+ 55. axb5+ Kb7 56. h3 Rf3 57. Kd4 Rxh3 58. Ke4
Rb3 0-1

[Event "Lewisham International 4th"]
[Site "Catford Cricket Club"]
[Date "1984.09.??"]
[Round "6"]
[White "Wall, Tim"]
[Black "Ady, Jonathan James"]
[Result "0-1"]
[WhiteElo "2220"]
[BlackElo "2290"]
[PlyCount "78"]
[EventDate "1984.09.04"]
[EventType "swiss"]
[EventRounds "9"]
[EventCountry "ENG"]
[SourceTitle "Giddins, Steve"]

1. Nf3 Nf6 2. g3 g6 3. b4 Bg7 4. Bb2 d5 5. Bg2 c6 6. d3 Qb6 7. a3 Ne4 8. dxe4
Bxb2 9. Ra2 Bg7 10. exd5 cxd5 11. O-O O-O 12. Nbd2 Nc6 13. c4 dxc4 14. Nxc4 Qb5
15. Ne3 Be6 16. Rd2 Rfd8 17. Qc2 Rxd2 18. Qxd2 a5 19. Nc2 Rd8 20. Qg5 Qxe2 21.
Ne3 axb4 22. axb4 b6 23. Ng4 Rd1 24. Qf4 Bd5 25. Ne3 Rxf1+ 26. Nxf1 e5 27. Qe3
Qxe3 28. Nxe3 Ba2 29. Nc2 Nd4 30. Nfxd4 exd4 31. Be4 Bc4 32. Ne1 Bf8 33. Nd3 f5
34. Ne5 Be6 35. Bc6 Bxb4 36. Nd3 Bc3 37. Kf1 Bc4 38. Ke2 b5 39. Bd7 b4 {time}
0-1

[Event "Lewisham International 4th"]
[Site "Catford Cricket Club"]
[Date "1984.09.??"]
[Round "7"]
[White "Ady, Jonathan James"]
[Black "Fuller, Maxwell L"]
[Result "1/2-1/2"]
[WhiteElo "2290"]
[BlackElo "2335"]
[PlyCount "95"]
[EventDate "1984.09.04"]
[EventType "swiss"]
[EventRounds "9"]
[EventCountry "ENG"]
[SourceTitle "Giddins, Steve"]

1. e4 e6 2. d4 d5 3. Nc3 Be7 4. Nf3 Nf6 5. Bd3 c5 6. exd5 exd5 7. dxc5 O-O 8.
O-O Nbd7 9. Bg5 Nxc5 10. Re1 Be6 11. Nd4 Qd7 12. Qf3 Nxd3 13. Qxd3 Rac8 14. Qe2
h6 15. Nxe6 fxe6 16. Qxe6+ Qxe6 17. Rxe6 d4 18. Rxe7 hxg5 19. Nb5 Rxc2 20. Nxd4
Rxb2 21. Ne6 Rc8 22. h3 Re2 23. Rd1 b5 24. Kf1 Re5 25. Rxg7+ Kh8 26. Rc7 Rxc7
27. Nxc7 a6 28. Rd6 Ne4 29. Rb6 Nc3 30. a3 Rc5 31. Ne6 Rd5 32. g4 Rd1+ 33. Kg2
Ra1 34. Nxg5 Rxa3 35. h4 b4 36. h5 Nd5 37. Rb7 Rc3 38. h6 Rc8 39. Nf7+ Kg8 40.
h7+ Kxh7 41. Rd7 Nf6 42. Ra7 Rb8 43. Ne5+ Kg8 44. g5 Nd5 45. Rxa6 b3 46. Nc4 b2
47. Nxb2 Rxb2 48. Kf3 1/2-1/2

[Event "Lewisham International 4th"]
[Site "Catford Cricket Club"]
[Date "1984.09.??"]
[Round "7"]
[White "Arkell, Keith C"]
[Black "Hebden, Mark L"]
[Result "1/2-1/2"]
[WhiteElo "2345"]
[BlackElo "2480"]
[PlyCount "177"]
[EventDate "1984.09.04"]
[EventType "swiss"]
[EventRounds "9"]
[EventCountry "ENG"]
[SourceTitle "Giddins, Steve"]

1. c4 g6 2. d4 Bg7 3. g3 Nf6 4. Bg2 O-O 5. Nf3 d6 6. O-O Nbd7 7. b3 e5 8. dxe5
dxe5 9. Bb2 Qe7 10. e3 e4 11. Nfd2 Ne5 12. Qc2 Bf5 13. Ba3 c5 14. Nc3 Rad8 15.
Ndxe4 Nxe4 16. Nxe4 Nd3 17. Nc3 Qe5 18. Nd5 Ne1 19. Qe2 Bd3 20. Qxe1 Bxf1 21.
Qxf1 Qxa1 22. Qxa1 Bxa1 23. Bxc5 Rfe8 24. Bxa7 Ra8 25. Nc7 Rxa7 26. Nxe8 Rxa2
27. Nd6 Be5 28. Nxb7 Ra1+ 29. Bf1 Rb1 30. Nc5 Bd6 31. Ne4 Be7 32. g4 h6 33. Kg2
Rxb3 34. Kf3 Kf8 35. Be2 Ke8 36. h3 Kd8 37. Ng3 Kc7 38. Ne4 Kc6 39. Bd1 Rb4 40.
Be2 Bh4 41. Bd3 Rb2 42. Be2 Be7 43. Nc3 Bb4 44. Nd5 Bd6 45. h4 Kd7 46. h5 Ke6
47. Bd3 gxh5 48. gxh5 Rd2 49. Bh7 Rb2 50. Bd3 Ra2 51. Bh7 Be5 52. Bd3 Kd6 53.
Bh7 Kc5 54. Bd3 Rd2 55. Bf1 Rd1 56. Be2 Re1 57. Ne7 Bf6 58. Nf5 Bg5 59. Bd3 Ra1
60. Be4 Rh1 61. Kg3 Rg1+ 62. Kh2 Ra1 63. f4 Bf6 64. Bd5 Bc3 65. Bxf7 Ra6 66.
Bd5 Bd2 67. Kg3 Ra3 68. Kf3 Bc1 69. Ke4 Rb3 70. Kf3 Ra3 71. Kg4 Rxe3 72. Nxh6
Re1 73. Nf5 Rf1 74. Bf3 Rg1+ 75. Ng3 Bd2 76. Kh3 Bxf4 77. Ne2 Rf1 78. Kg2 Rxf3
79. Kxf3 Bh6 80. Ke4 Kxc4 81. Ng3 Kc5 82. Ke5 Kc6 83. Ke6 Kc7 84. Ne4 Kd8 85.
Kf7 Kd7 86. Kg6 Bc1 87. Ng5 Ke7 88. h6 Bxg5 89. Kxg5 1/2-1/2

[Event "Lewisham International 4th"]
[Site "Catford Cricket Club"]
[Date "1984.09.??"]
[Round "7"]
[White "Crawley, Gavin"]
[Black "De Boer, Gert Jan"]
[Result "0-1"]
[WhiteElo "2300"]
[BlackElo "2335"]
[PlyCount "62"]
[EventDate "1984.09.04"]
[EventType "swiss"]
[EventRounds "9"]
[EventCountry "ENG"]
[SourceTitle "Giddins, Steve"]

1. e4 c5 2. Nf3 e6 3. Nc3 d6 4. d4 cxd4 5. Nxd4 Nf6 6. f4 a6 7. f5 Nc6 8. fxe6
fxe6 9. Bc4 d5 10. Nxc6 bxc6 11. Bb3 Bd6 12. Qe2 d4 13. e5 dxc3 14. exd6 Qxd6
15. O-O O-O 16. bxc3 Bd7 17. Bf4 Qc5+ 18. Kh1 Nd5 19. Be5 Nxc3 20. Qd3 Qxe5 21.
Qxd7 Ne4 22. Qxc6 Nf2+ 23. Kg1 Qd4 24. h3 Nd1+ 25. Kh2 Qe5+ 26. g3 Qe2+ 27. Qg2
Qxf1 28. Qxf1 Rxf1 29. Bxe6+ Kh8 30. Bc4 Rf2+ 31. Kg1 Rd2 0-1

[Event "Lewisham International 4th"]
[Site "Catford Cricket Club"]
[Date "1984.09.??"]
[Round "7"]
[White "Garcia Olasagasti, Leontxo"]
[Black "Savage, Allan George"]
[Result "1/2-1/2"]
[WhiteElo "2280"]
[BlackElo "2315"]
[PlyCount "147"]
[EventDate "1984.09.04"]
[EventType "swiss"]
[EventRounds "9"]
[EventCountry "ENG"]
[SourceTitle "Giddins, Steve"]

1. d4 Nf6 2. c4 g6 3. Nc3 Bg7 4. e4 d6 5. f4 O-O 6. Nf3 c5 7. d5 b5 8. cxb5 a6
9. bxa6 Qa5 10. Bd2 Bxa6 11. Bxa6 Qxa6 12. Qe2 Nbd7 13. Qxa6 Rxa6 14. Kd1 Rb8
15. Kc2 Nxe4 16. Nxe4 Rxb2+ 17. Kc1 Nb6 18. Nc3 Bxc3 19. Bxc3 Rxg2 20. a3 Nxd5
21. Bd2 Rf2 22. Ng5 Ra4 23. Nh3 Rf3 24. Ng5 Rfxa3 25. Kb2 Rxa1 26. Rxa1 Rxa1
27. Kxa1 h6 28. Ne4 Kg7 29. Kb2 f5 30. Nc3 Nf6 31. Nb5 Ng4 32. h4 Nh2 33. Be1
Nf3 34. Bf2 Kf7 35. Nc7 e6 36. Nb5 Ke7 37. Kc2 Kd7 38. Kd3 Kc6 39. Na7+ Kd5 40.
Nc8 c4+ 41. Kc3 Ke4 42. Ne7 Kxf4 43. Nxg6+ Kg4 44. Kxc4 Ne5+ 45. Nxe5+ dxe5 46.
Kd3 Kf3 47. Bc5 h5 48. Kd2 e4 49. Ke1 e3 50. Bd6 f4 51. Bc7 Ke4 52. Bd6 f3 53.
Bc5 Kd3 54. Bb6 Ke4 55. Bc5 e5 56. Bb6 Kd3 57. Bc5 Ke4 58. Bb6 Kf4 59. Bc5 e4
60. Bb6 Kg3 61. Bxe3 Kxh4 62. Kf2 Kh3 63. Bc5 Kg4 64. Bd6 h4 65. Bc7 h3 66. Bb8
Kf5 67. Bc7 Ke6 68. Bb8 Kd5 69. Bc7 Kc4 70. Bb8 Kd3 71. Bc7 e3+ 72. Kxf3 e2 73.
Ba5 Kc2 74. Kg3 1/2-1/2

[Event "Lewisham International 4th"]
[Site "Catford Cricket Club"]
[Date "1984.09.??"]
[Round "7"]
[White "Gruenberg, Regina"]
[Black "Savereide, Diane"]
[Result "0-1"]
[WhiteElo "1870"]
[BlackElo "2230"]
[PlyCount "98"]
[EventDate "1984.09.04"]
[EventType "swiss"]
[EventRounds "9"]
[EventCountry "ENG"]
[SourceTitle "Giddins, Steve"]

1. e4 c5 2. Nf3 e6 3. c3 Nf6 4. e5 Nd5 5. d4 cxd4 6. cxd4 d6 7. Nc3 Nc6 8. Nxd5
exd5 9. Be2 Be7 10. O-O O-O 11. Qb3 Re8 12. Qxd5 dxe5 13. Qxd8 Bxd8 14. dxe5
Nxe5 15. Nxe5 Rxe5 16. Bf3 Bf6 17. Bd2 Rb5 18. Bc3 Bxc3 19. bxc3 Bf5 20. g4 Be6
21. Rab1 Rxb1 22. Rxb1 Rb8 23. Rxb7 Rxb7 24. Bxb7 Bxa2 25. Ba6 Kf8 26. f4 Ke7
27. Kf2 Kd6 28. g5 Kc5 29. Ke3 Bc4 30. Bc8 a5 31. Bf5 a4 32. Bxh7 a3 33. Bb1
Kd5 34. h4 a2 35. Bxa2 Bxa2 36. h5 Ke6 37. Kd4 Kf5 38. h6 gxh6 39. gxh6 Kg6 40.
c4 Kxh6 41. c5 Kg6 42. Ke5 Be6 43. c6 Bc8 44. c7 Bb7 45. Kd6 Kf6 46. Kd7 Ba6
47. Ke8 Ke6 48. f5+ Kf6 49. Kf8 Bc8 0-1

[Event "Lewisham International 4th"]
[Site "Catford Cricket Club"]
[Date "1984.09.??"]
[Round "7"]
[White "Nicholson, John G"]
[Black "Wall, Tim"]
[Result "0-1"]
[WhiteElo "2295"]
[BlackElo "2220"]
[PlyCount "66"]
[EventDate "1984.09.04"]
[EventType "swiss"]
[EventRounds "9"]
[EventCountry "ENG"]
[SourceTitle "Giddins, Steve"]

1. e4 c5 2. Nf3 e6 3. d4 cxd4 4. Nxd4 Nc6 5. Nc3 a6 6. f4 Qc7 7. Be2 b5 8. Nxc6
Qxc6 9. Bf3 Bb7 10. O-O Rd8 11. Kh1 Qc7 12. Qe2 Ne7 13. Be3 Ng6 14. Qf2 Rc8 15.
e5 Bxf3 16. Qxf3 d6 17. a4 b4 18. Ne4 dxe5 19. fxe5 Nxe5 20. Qg3 Ng6 21. Qf2 f5
22. Ng5 Qc6 23. Bd4 Be7 24. Bxg7 Bxg5 25. Bxh8 Nxh8 26. Qe2 Kf8 27. Rae1 Re8
28. Qh5 Nf7 29. Qxh7 Qxc2 30. Qg6 Qc4 31. Rf3 Rd8 32. Rh3 Qe2 33. Rg1 Rd1 0-1

[Event "Lewisham International 4th"]
[Site "Catford Cricket Club"]
[Date "1984.09.??"]
[Round "7"]
[White "Orr, Mark JL"]
[Black "Davies, Nigel Rodney"]
[Result "1/2-1/2"]
[WhiteElo "2275"]
[BlackElo "2340"]
[PlyCount "69"]
[EventDate "1984.09.04"]
[EventType "swiss"]
[EventRounds "9"]
[EventCountry "ENG"]
[SourceTitle "Giddins, Steve"]

1. c4 g6 2. Nf3 Bg7 3. d4 d6 4. Nc3 Nf6 5. e4 O-O 6. Be2 c5 7. O-O cxd4 8. Nxd4
Nc6 9. Be3 Bd7 10. Qd2 a5 11. f3 a4 12. Rfd1 Qa5 13. Rac1 Rfc8 14. Ndb5 Nb4 15.
Bf1 Bc6 16. Rb1 Nd7 17. a3 Na6 18. Nxa4 Qxd2 19. Rxd2 Nac5 20. Nxc5 Nxc5 21. b4
Na4 22. Na7 Rcb8 23. Nxc6 bxc6 24. Rb3 Nc5 25. Bxc5 dxc5 26. g3 Bd4+ 27. Kg2 e5
28. f4 Ra4 29. fxe5 Bxe5 30. b5 cxb5 31. Rd5 Re8 32. Rxc5 bxc4 33. Rxc4 Rea8
34. Rxa4 Rxa4 35. Bd3 1/2-1/2

[Event "Lewisham International 4th"]
[Site "Catford Cricket Club"]
[Date "1984.09.??"]
[Round "7"]
[White "Pein, Malcolm"]
[Black "Bellin, Robert"]
[Result "1/2-1/2"]
[WhiteElo "2280"]
[BlackElo "2370"]
[PlyCount "60"]
[EventDate "1984.09.04"]
[EventType "swiss"]
[EventRounds "9"]
[EventCountry "ENG"]
[SourceTitle "Giddins, Steve"]

1. e4 Nf6 2. e5 Nd5 3. d4 d6 4. Bc4 Nb6 5. Bb3 dxe5 6. Qh5 e6 7. dxe5 a5 8. a4
Na6 9. Nc3 Nc5 10. Bg5 Be7 11. Rd1 Bd7 12. Nf3 Bxg5 13. Nxg5 Qe7 14. O-O h6 15.
Nge4 Nxe4 16. Nxe4 O-O-O 17. c3 Bc6 18. Bc2 Nc4 19. Qg4 g6 20. Qf4 g5 21. Nd6+
Nxd6 22. exd6 gxf4 23. dxe7 Rxd1 24. Rxd1 Re8 25. Rd4 Rxe7 26. Rxf4 Rd7 27. h3
Kd8 28. Be4 Bxe4 29. Rxe4 Ke7 30. Kf1 Rd2 1/2-1/2

[Event "Lewisham International 4th"]
[Site "Catford Cricket Club"]
[Date "1984.09.??"]
[Round "7"]
[White "Singh, PK."]
[Black "Gallagher, Joseph G"]
[Result "1/2-1/2"]
[WhiteElo "2260"]
[BlackElo "2295"]
[PlyCount "102"]
[EventDate "1984.09.04"]
[EventType "swiss"]
[EventRounds "9"]
[EventCountry "ENG"]
[SourceTitle "Giddins, Steve"]

1. e4 c5 2. Nf3 d6 3. d4 cxd4 4. Nxd4 Nf6 5. Nc3 a6 6. f4 e5 7. Nf3 Nbd7 8. Bc4
b5 9. Bd5 Nxd5 10. Nxd5 Be7 11. O-O O-O 12. Be3 Bb7 13. Qd3 Bxd5 14. exd5 Nf6
15. fxe5 dxe5 16. Nxe5 Qxd5 17. Qxd5 Nxd5 18. Bd4 Rac8 19. c3 Bf6 20. Rfd1 Bxe5
21. Bxe5 Ne3 22. Rd2 Rfe8 23. Bd4 Nc4 24. Rc2 Re4 25. b3 Nd6 26. Bf2 f5 27. Re1
Rxe1+ 28. Bxe1 Kf7 29. Bf2 Ke6 30. Bd4 g6 31. Kf2 Kd5 32. Ke3 Re8+ 33. Kd3 Re1
34. Be3 Rd1+ 35. Ke2 Rh1 36. Bf4 Ne4 37. c4+ bxc4 38. bxc4+ Kc6 39. Rc1 Rxc1
40. Bxc1 Kc5 41. Kd3 Nf2+ 42. Kc3 Ne4+ 43. Kb3 g5 44. Be3+ Kc6 45. Kc2 f4 46.
Bc1 Kc5 47. Kd3 Nf2+ 48. Ke2 Ng4 49. Ba3+ Kxc4 50. Be7 h6 51. Bf8 Nxh2 1/2-1/2

[Event "Lewisham International 4th"]
[Site "Catford Cricket Club"]
[Date "1984.09.??"]
[Round "8"]
[White "Ady, Jonathan James"]
[Black "Crawley, Gavin"]
[Result "1-0"]
[WhiteElo "2290"]
[BlackElo "2300"]
[PlyCount "67"]
[EventDate "1984.09.04"]
[EventType "swiss"]
[EventRounds "9"]
[EventCountry "ENG"]
[SourceTitle "Giddins, Steve"]

1. e4 e5 2. Nf3 Nc6 3. Bb5 a6 4. Ba4 Nf6 5. O-O Be7 6. Re1 b5 7. Bb3 O-O 8. c3
d5 9. exd5 Nxd5 10. Nxe5 Nxe5 11. Rxe5 c6 12. d4 Bd6 13. Re1 Qh4 14. g3 Qh3 15.
Be3 Bg4 16. Qd3 Rae8 17. Nd2 f5 18. f4 Kh8 19. Bxd5 cxd5 20. Qf1 Qh5 21. a4
bxa4 22. c4 dxc4 23. Rxa4 g5 24. Nxc4 gxf4 25. Nxd6 fxe3 26. Qf4 Re6 27. Rxe3
Rff6 28. Nc4 Bh3 29. Ra1 Qe8 30. d5 Rxe3 31. Nxe3 Qg6 32. Qd4 Kg7 33. d6 f4 34.
Nd5 1-0

[Event "Lewisham International 4th"]
[Site "Catford Cricket Club"]
[Date "1984.09.??"]
[Round "8"]
[White "Bellin, Robert"]
[Black "Singh, PK."]
[Result "1/2-1/2"]
[WhiteElo "2370"]
[BlackElo "2260"]
[PlyCount "149"]
[EventDate "1984.09.04"]
[EventType "swiss"]
[EventRounds "9"]
[EventCountry "ENG"]
[SourceTitle "Giddins, Steve"]

1. d4 Nf6 2. Nf3 c5 3. c3 b6 4. Bg5 e6 5. e4 h6 6. Bxf6 Qxf6 7. e5 Qd8 8. d5 d6
9. Bc4 Be7 10. dxe6 Bxe6 11. Bxe6 fxe6 12. exd6 Qxd6 13. Qe2 O-O 14. O-O Bf6
15. Re1 Re8 16. Nbd2 Nd7 17. Ne4 Qf4 18. a4 Be7 19. a5 Nf8 20. Ra4 Qc7 21. Ned2
Rad8 22. Re4 Bf6 23. axb6 axb6 24. Qb5 Re7 25. Nc4 Rb8 26. Rd1 Rd7 27. Rxd7
Qxd7 28. Qxd7 Nxd7 29. Rxe6 b5 30. Ncd2 b4 31. cxb4 cxb4 32. b3 Ra8 33. g3 Ra3
34. Rc6 Bc3 35. Kg2 Kh7 36. h4 Nf6 37. Rc5 Ra2 38. Nb1 Ne4 39. Rc4 Rxf2+ 40.
Kg1 Rb2 41. Nxc3 bxc3 42. Nd4 Rd2 43. Nf3 Re2 44. Nd4 Re3 45. Nf5 Re2 46. Nd4
Rd2 47. Nf3 Rb2 48. Nd4 h5 49. Rc6 Kg8 50. Rc7 g6 51. Re7 Nc5 52. Rc7 c2 53.
Nxc2 Rxc2 54. b4 Rc1+ 55. Kg2 Nd3 56. Rxc1 Nxc1 57. b5 Nb3 58. b6 Nc5 59. Kf3
Kf7 60. Kf4 Kg7 61. Kf3 Kf6 62. Kf4 Nb7 63. Ke4 Na5 64. Kf4 Nb7 65. Ke4 Nd6+
66. Kf4 Kf7 67. Kg5 Ne4+ 68. Kf4 Nc5 69. Kg5 Kg7 70. Kf4 Kf6 71. g4 Ne6+ 72.
Ke3 Nd8 73. Kf4 Nb7 74. Ke4 Na5 75. Kf4 1/2-1/2

[Event "Lewisham International 4th"]
[Site "Catford Cricket Club"]
[Date "1984.09.??"]
[Round "8"]
[White "De Boer, Gert Jan"]
[Black "Orr, Mark JL"]
[Result "1-0"]
[WhiteElo "2335"]
[BlackElo "2275"]
[PlyCount "69"]
[EventDate "1984.09.04"]
[EventType "swiss"]
[EventRounds "9"]
[EventCountry "ENG"]
[SourceTitle "Giddins, Steve"]

1. d4 Nf6 2. Nf3 e6 3. c4 d5 4. Bg5 Nbd7 5. cxd5 exd5 6. Nc3 Bb4 7. e3 O-O 8.
Bd3 c5 9. O-O Bxc3 10. bxc3 c4 11. Bb1 Qa5 12. Qc2 Re8 13. Nd2 Ne4 14. Nxe4
dxe4 15. Bh4 Nb6 16. a3 Bd7 17. Rc1 Ba4 18. Qe2 Bb3 19. f3 Qh5 20. Bf2 f5 21.
Bg3 g6 22. Kf2 exf3 23. Qxf3 Qg5 24. h4 Qe7 25. h5 Ba4 26. hxg6 hxg6 27. Rh1
Bc6 28. Qe2 Qg5 29. Rh2 Nd5 30. Be5 b5 31. Qf3 Rac8 32. Rh8+ Kf7 33. Rh7+ Ke6
34. e4 fxe4 35. Qf7# 1-0

[Event "Lewisham International 4th"]
[Site "Catford Cricket Club"]
[Date "1984.09.??"]
[Round "8"]
[White "Fuller, Maxwell L"]
[Black "Strauss, David J"]
[Result "0-1"]
[WhiteElo "2335"]
[BlackElo "2425"]
[PlyCount "81"]
[EventDate "1984.09.04"]
[EventType "swiss"]
[EventRounds "9"]
[EventCountry "ENG"]
[SourceTitle "Giddins, Steve"]

1. e4 c5 2. b3 b6 3. Bb2 Bb7 4. Nc3 e6 5. g3 Nf6 6. Bg2 Be7 7. f4 O-O 8. Qe2 d5
9. e5 Nfd7 10. Nf3 Nc6 11. O-O Rc8 12. Nd1 Nb4 13. c4 dxc4 14. bxc4 b5 15. a3
Nc2 16. Rc1 Bxf3 17. Qxf3 Nd4 18. Qd3 bxc4 19. Qxc4 Nb6 20. Qa6 c4 21. Bxd4
Qxd4+ 22. Nf2 Rc7 23. Kh1 Qxd2 24. Ne4 Qa2 25. Ra1 Qb3 26. Rfb1 Qc2 27. a4 Nd5
28. Rc1 Qd3 29. Rd1 Qe3 30. Nd6 c3 31. Bxd5 c2 32. Rdc1 exd5 33. Qa5 Qf3+ 34.
Kg1 Rfc8 35. Qd2 Kf8 36. f5 f6 37. Rf1 Qxf1+ 38. Rxf1 c1=Q 39. Qxd5 Qe3+ 40.
Kh1 Bxd6 41. Qxd6+ 0-1